000 00670nam a22002057a 4500
005 20241010115254.0
010 _aENG-142018
020 _a9789350907290
_c999.00
035 _aEN-125550
037 _bDBAD
082 _a576.05
_28
100 _aChaurasia, Rachna
_972553
245 _aSelf Assessment & Review:
_bMicrobiology & Immunology/
_cby Rachna Chaurasia [and] Anshul Jain
250 _a8
260 _aNew Delhi
_bJaypee Brothers Medical Publishers
_c2013
270 _a4838/24, Ansari Road, Daryaganj
_bNew Delhi
_e110002
300 _a538p.:
_c28cm(pbk)
_bill.
700 _a Jain, Anshul
_eAuthor
_972554
942 _2ddc
_cEN
_mCHA
_h576.05
999 _c206233
_d206233